MARC

LEADER 00000nam0a2200000 4500
001 341174
005 20250522114121.0
035 |a (RuTPU)RU\TPU\book\368671 
090 |a 341174 
100 |a 20180704d2018 k y0rusy50 ca 
101 0 |a rus 
102 |a RU 
105 |a a dm 001zy 
200 1 |a Новые методы синтеза и свойства диарилиодониевых солей, иодиларенов и их производных  |e автореферат диссертации на соискание ученой степени кандидата химических наук  |e спец. 02.00.03  |f Н. С. Солдатова  |g Национальный исследовательский Томский политехнический университет, Исследовательская школа химических и биомедицинских технологий (ИШХБМТ) ; науч. рук. П. С. Постников 
210 |a Томск  |c [Б. и.]  |d 2018 
215 |a 22 с.  |c ил. 
300 |a Защита сост. 20.06.2018 г. 
320 |a Библиогр.: с. 21-22 (8 назв.) 
452 1 |0 (RuTPU)RU\TPU\book\367965  |t Новые методы синтеза и свойства диарилиодониевых солей, иодиларенов и их производных  |o автореферат диссертации на соискание ученой степени кандидата химических наук  |o спец. 02.00.03  |f Н. С. Солдатова  |g Национальный исследовательский Томский политехнический университет ; науч. рук. П. С. Постников  |c Томск  |d 2018  |a Солдатова, Наталья Сергеевна 
606 1 |a Иодониевые соединения, ароматические  |x Химия  |2 stltpush  |3 (RuTPU)RU\TPU\subj\77621  |9 87748 
610 1 |a диарилиодониевые соли 
610 1 |a синтез 
610 1 |a иодиларены 
610 1 |a азид-анионы 
610 1 |a арилбензиодоксолоны 
610 1 |a химические реакции 
610 1 |a заместители 
610 1 |a электронные эффекты 
610 1 |a оксон 
610 1 |a окислители 
610 1 |a авторефераты диссертаций 
610 1 |a труды учёных ТПУ 
675 |a 547.53(04)  |v 4 
686 |a 02.00.03  |2 oksvnk 
700 1 |a Солдатова  |b Н. С.  |c химик-органик  |c инженер Томского политехнического университета  |f 1992-  |g Наталья Сергеевна  |3 (RuTPU)RU\TPU\pers\32580  |9 16501 
702 1 |a Постников  |b П. С.  |c химик-органик  |c доцент Томского политехнического университета, кандидат химических наук  |f 1984-  |g Павел Сергеевич  |3 (RuTPU)RU\TPU\pers\27922  |4 727  |9 12925 
712 0 2 |a Национальный исследовательский Томский политехнический университет  |b Исследовательская школа химических и биомедицинских технологий (ИШХБМТ)  |c (2017- )  |3 (RuTPU)RU\TPU\col\23537 
801 1 |a RU  |b 63413507  |c 20180704 
801 2 |a RU  |b 63413507  |c 20190109  |g RCR 
850 |a 63413507 
942 |c BK